[Event "SWE-chT 0102"]
[Site "Sweden"]
[Date "2002.03.16"]
[Round "10"]
[White "Haggstrom, Olle"]
[Black "Larsson, Bjorn"]
[Result "1-0"]
[WhiteElo "2207"]
[BlackElo "2057"]
[PlyCount "61"]
[EventDate "2001.10.12"]
[EventType "team"]
[EventRounds "11"]
[EventCountry "SWE"]
[SourceTitle "EXT 2003"]
[Source "ChessBase"]
[SourceDate "2002.11.25"]
[SourceVersion "1"]
[SourceVersionDate "2002.11.25"]
[SourceQuality "1"]
[WhiteTeam "Kamraterna"]
[BlackTeam "Eskilstuna"]
[WhiteTeamCountry "SWE"]
[BlackTeamCountry "SWE"]

1. d4 Nf6 2. c4 g6 3. Nc3 Bg7 4. e4 d6 5. h3 c6 6. Be3 Nbd7 7. Nf3 0-0 8. Be2 e5 9. d5 c5 10. Qc2 Qe7 11. Nd2 h5 12. g4 a6 13. 0-0-0 b5 14. Rdg1 hxg4 15. hxg4 Nb6 16. g5 Nh7 17. cxb5 axb5 18. Bxb5 Bd7 19. Bxd7 Qxd7 20. Rg3 Rfb8 21. Rgh3 Nf8 22. f3 Na4 23. Nxa4 Qxa4 24. Qxa4 Rxa4 25. a3 Nd7 26. R3h2 Nb6 27. Kb1 Na8 28. Ka2 Nc7 29. Rc1 Nb5 30. Nc4 Nd4 31. Bxd4 1-0